History Quiz

Random History or Biography Quiz

Quotes on Life by Famous Women Quiz Stats

 Plays Quiz Updated Aug 28, 2017

Challenge
Share
Tweet
Embed
Score 0/15 Timer 04:00
2 Plays Today
% Correct
If you want something done, ask a woman
94.8%
Everybody makes a contribution
94.4%
Prevent you from doing what you know is right.
93.4%
But we can do small things with great love
92.4%
I'm just wearing better shoes
91.8%
if I was going to worry about what people were going to say.
91.2%
Is the unfinished business of the 21st century
90.4%
Women, their rights, and nothing less
89.3%
% Correct
I was born to do this
87.6%
I lead from the heart, not the head
87.3%
You are all you’ve got
85.4%
Why don’t I take a step and move forward
77.8%
And then live with that decision
69.7%
Our lives are all different and yet the same
59.6%
The rest is merely tenacity
48.7%

You're not logged in!

Compare scores with friends on all Sporcle quizzes.
OR
Log In

You Might Also Like...

Show Comments

Extras

Top Quizzes Today


Score Distribution

Your Account Isn't Verified!

In order to create a playlist on Sporcle, you need to verify the email address you used during registration. Go to your Sporcle Settings to finish the process.

Report this User

Report this user for behavior that violates our Community Guidelines.

Details: